Slovenský trh práce vo väzbe na Lisabonskú stratégiu
Trh práce v Slovenskej republike. Základné črty trhu práce v SR. Zahraničné investície a ich vplyv na nárast zamestnanosti. Riziká, ktoré nesie politika lacnej pracovnej sily. Lisabonská stratégia a pozícia Slovenskej republiky. Predpoklad vývoja zamestnanosti v SR do roku 2010. Správa o pokroku v i...
Salvato in:
| Autore principale: | |
|---|---|
| Altri autori: | , |
| Natura: | Capitolo di libro |
| Lingua: | slovacco |
| Soggetti: | |
| Tags: |
Nessun Tag, puoi essere il primo ad aggiungerne!!
|
MARC
| LEADER | 00000nla$a2200000$$$4500 | ||
|---|---|---|---|
| 001 | 0064914 | ||
| 005 | 20240502083156.8 | ||
| 041 | 0 | |a slo | |
| 044 | |a CZ | ||
| 245 | 1 | 0 | |a Slovenský trh práce vo väzbe na Lisabonskú stratégiu |c Mária Husáková, Eva Pongráczová, Eva Rievajová |
| 520 | |a Trh práce v Slovenskej republike. Základné črty trhu práce v SR. Zahraničné investície a ich vplyv na nárast zamestnanosti. Riziká, ktoré nesie politika lacnej pracovnej sily. Lisabonská stratégia a pozícia Slovenskej republiky. Predpoklad vývoja zamestnanosti v SR do roku 2010. Správa o pokroku v implementácii Národného programu reforiem v SR na roky 2006-2008. | ||
| 610 | 2 | 0 | |a trh práce |
| 610 | 2 | 0 | |a zamestnanosť |
| 610 | 2 | 0 | |a nezamestnanosť |
| 610 | 2 | 0 | |a vzdelanie |
| 610 | 2 | 0 | |a vzdelávanie |
| 610 | 2 | 0 | |a sily pracovné |
| 610 | 2 | 0 | |a investície zahraničné |
| 610 | 2 | 0 | |a reformy |
| 610 | 2 | 0 | |a konkurencieschopnosť |
| 610 | 2 | 0 | |a Slovensko |
| 100 | 1 | |a Husáková, Mária | |
| 700 | 1 | |a Pongráczová, Eva, 1971- | |
| 700 | 1 | |a Rievajová, Eva | |